500 Biggest US Cities by Last Two Letters - Statistics

General Stats
  • This quiz has been taken 2,561 times
  • The average score is 343 of 500
Answers on the Map
Answers color-coded by a green-red scale on the quiz's map according to % correct below.
 
Answer Stats
Population State Urban Area % Correct
58,079 NV Carson City
98%
58,533 MO Jefferson City
98%
1,519,417 MO Kansas City
98%
569,499 OH Akron
97%
83,890 IL Alton
97%
88,133 IN Anderson
97%
75,702 SC Anderson
97%
79,796 AL Anniston
97%
216,154 WI Appleton
97%
158,084 NY Binghamton
97%
132,600 IL Bloomington
97%
108,657 IN Bloomington
97%
4,181,019 MA Boston
97%
198,979 WA Bremerton
97%
119,911 NC Burlington
97%
108,740 VT Burlington
97%
279,245 OH Canton
97%
548,404 SC Charleston
97%
153,199 WV Charleston
97%
171,345 TX College Station
97%
5,121,892 TX Dallas
97%
85,239 GA Dalton
97%
724,091 OH Dayton
97%
366,174 TX Denton
97%
53,049 NM Farmington
97%
128,124 CO Grand Junction
97%
56,827 PA Hazleton
97%
4,944,332 TX Houston
97%
202,637 WV Huntington
97%
351,478 MS Jackson
97%
90,057 MI Jackson
97%
71,880 TN Jackson
97%
57,442 NY Kingston
97%
74,830 TX Lake Jackson
97%
1,886,011 NV Las Vegas
97%
94,457 OK Lawton
97%
77,086 PA Lebanon
97%
59,397 ME Lewiston
97%
51,924 ID Lewiston
97%
290,263 KY Lexington
97%
63,758 NM Los Lunas
97%
137,570 GA Macon
97%
401,661 WI Madison
97%
46,384 OH Marion
97%
66,025 IN Michigan City
97%
62,966 WA Mount Vernon
97%
161,280 MI Muskegon
97%
18,351,295 NY New York City
97%
87,106 MI Port Huron
97%
184,809 CA Salinas
97%
381,502 PA Scranton
97%
119,509 MI South Lyon
97%
56,611 VA Staunton
97%
370,583 CA Stockton
97%
296,668 NJ Trenton
97%
843,168 AZ Tucson
97%
51,291 NJ Villas
97%
4,586,770 ~ Washington, D.C.
97%
70,889 WV Weirton
97%
219,957 NC Wilmington
97%
49,190 NC Wilson
97%
391,024 NC Winston-Salem
97%
60,438 IA Ames
96%
280,648 NC Asheville
96%
197,041 AZ Avondale
96%
246,695 MA Barnstable
96%
217,585 TX Brownsville
96%
67,821 IL Carbondale
96%
52,477 GA Cartersville
96%
92,359 VA Charlottesville
96%
8,608,208 IL Chicago
96%
158,655 TN Clarksville
96%
50,996 IL Danville
96%
49,344 VA Danville
96%
450,070 IA Des Moines
96%
65,088 CA El Paso de Robles
96%
229,351 IN Evansville
96%
176,676 ND Fargo
96%
310,282 NC Fayetteville
96%
295,083 AR Fayetteville
96%
187,781 FL Gainesville
96%
130,846 GA Gainesville
96%
400,492 SC Greenville
96%
117,798 NC Greenville
96%
51,456 GA Hinesville
96%
286,692 AL Huntsville
96%
1,065,219 FL Jacksonville
96%
105,419 NC Jacksonville
96%
69,658 WI Janesville
96%
558,696 TN Knoxville
96%
143,440 LA Lake Charles
96%
128,600 NM Las Cruces
96%
12,150,996 CA Los Angeles
96%
972,546 KY Louisville
96%
88,925 LA Mandeville
96%
326,183 AL Mobile
96%
969,587 TN Nashville
96%
861,505 OK Oklahoma City
96%
143,280 FL Panama City
96%
70,272 CA Porterville
96%
2,956,746 CA San Diego
96%
3,059,393 WA Seattle
96%
90,390 TX Temple
96%
54,622 FL Titusville
96%
93,141 CA Vacaville
96%
328,454 CA Victorville
96%
73,534 CA Watsonville
96%
5,502,379 FL Miami
95%
1,021,243 UT Salt Lake City
95%
99,437 TX Wichita Falls
95%
70,585 MI Bay City
94%
62,433 OR Corvallis
94%
72,794 CA Davis
94%
1,487,483 IN Indianapolis
94%
1,060,061 TN Memphis
94%
2,650,890 MN Minneapolis
94%
2,150,706 MO St. Louis
94%
4,515,419 GA Atlanta
93%
386,787 GA Augusta
93%
114,591 CO Boulder
93%
64,548 WY Casper
93%
2,374,203 CO Denver
93%
110,769 DE Dover
93%
88,087 NH Dover
93%
66,301 PA Hanover
93%
106,621 IA Iowa City
93%
402,004 PA Lancaster
93%
341,219 CA Lancaster
93%
116,960 MA Leominster
93%
158,377 NH Manchester
93%
441,546 CA Murrieta
93%
720,572 NY Rochester
93%
107,677 MN Rochester
93%
258,653 CA Santa Clarita
93%
643,260 FL Sarasota
93%
52,745 AZ Sierra Vista
93%
73,107 SC Sumter
93%
130,247 TX Tyler
93%
77,085 GA Valdosta
93%
72,794 MD Westminster
93%
472,870 KS Wichita
93%
69,449 VA Winchester
93%
486,514 MA Worcester
93%
53,427 AZ Lake Havasu City
92%
82,804 LA Alexandria
91%
549,777 SC Columbia
91%
124,748 MO Columbia
91%
169,495 NC Gastonia
91%
176,617 WA Olympia
91%
266,921 IL Peoria
91%
5,441,567 PA Philadelphia
91%
130,447 CA Santa Maria
91%
63,683 TX Victoria
91%
219,454 CA Visalia
91%
248,402 NJ Atlantic City
90%
48,656 AZ Bullhead City
90%
120,415 TN Johnson City
90%
81,624 SD Rapid City
90%
106,494 IA Sioux City
90%
106,383 TX Texas City
90%
47,109 MI Traverse City
90%
116,719 CA Yuba City
90%
83,794 OR Bend
89%
1,780,673 OH Cleveland
89%
66,777 TN Cleveland
89%
51,899 MD Cumberland
89%
50,440 NE Grand Island
89%
67,629 LA Hammond
89%
68,998 SC Hilton Head Island
89%
99,941 MI Holland
89%
262,596 FL Lakeland
89%
117,807 TX Midland
89%
59,014 MI Midland
89%
1,849,898 OR Portland
89%
203,914 ME Portland
89%
953,556 VA Richmond
89%
278,165 IN South Bend
89%
95,259 NJ Vineland
89%
68,444 WI West Bend
89%
55,513 CA Woodland
89%
349,684 ID Boise
87%
100,868 WI La Crosse
87%
1,664,496 CA San Jose
87%
412,317 NY Syracuse
87%
107,672 CA Calexico
86%
98,176 CA Chico
86%
3,281,212 CA San Francisco
86%
172,378 TX Waco
86%
251,243 AK Anchorage
83%
594,309 LA Baton Rouge
83%
87,454 PA State College
83%
98,370 UT St. George
83%
196,651 TX Amarillo
82%
1,362,416 TX Austin
82%
935,906 NY Buffalo
82%
71,772 CA Camarillo
82%
82,775 MO Joplin
82%
235,730 TX Laredo
82%
180,956 OH Lorain
82%
120,577 SC Mauldin
82%
1,510,516 FL Orlando
82%
3,629,114 AZ Phoenix
82%
69,809 ID Pocatello
82%
136,550 CO Pueblo
82%
92,984 TX San Angelo
82%
507,643 OH Toledo
82%
110,421 TX Abilene
81%
73,588 WY Cheyenne
81%
98,378 ID Coeur d'Alene
81%
57,383 AL Daphne
81%
247,421 OR Eugene
81%
313,492 IN Fort Wayne
81%
133,700 WI Racine
81%
387,847 WA Spokane
81%
69,173 FL St. Augustine
81%
2,203,663 MD Baltimore
80%
54,372 CA Delano
80%
102,852 WI Eau Claire
80%
654,628 CA Fresno
80%
81,926 CA Livermore
80%
392,141 NV Reno
80%
63,835 WI Beloit
78%
3,734,090 MI Detroit
78%
85,081 MO Lee's Summit
78%
803,086 TX El Paso
77%
151,499 ID Nampa
77%
83,913 CA Napa
77%
2,441,770 FL Tampa
77%
1,249,442 NC Charlotte
76%
802,459 HI Honolulu
76%
252,720 LA Lafayette
76%
147,725 IN Lafayette
76%
79,407 CO Lafayette
76%
1,733,853 PA Pittsburgh
76%
884,891 NC Raleigh
76%
92,742 IN Terre Haute
76%
57,584 MN Mankato
75%
366,174 CA Modesto
75%
126,405 TX Odessa
75%
1,723,634 CA Sacramento
75%
308,231 CA Santa Rosa
75%
655,479 OK Tulsa
75%
139,114 AL Tuscaloosa
75%
1,624,827 OH Cincinnati
73%
320,069 TX Corpus Christi
73%
58,875 MD Lexington Park
73%
76,068 OH Newark
73%
232,045 PA York
73%
213,751 MD Aberdeen
71%
114,473 WA Bellingham
71%
749,495 AL Birmingham
71%
78,306 KY Bowling Green
71%
347,602 NC Durham
71%
64,172 AL Gadsden
71%
135,663 TX Harlingen
71%
345,580 CA Indio
71%
217,630 TX Killeen
71%
728,825 TX McAllen
71%
66,086 PA Monessen
71%
562,839 CT New Haven
71%
546,026 UT Ogden
71%
1,758,210 TX San Antonio
71%
201,289 FL Winter Haven
71%
128,754 GA Athens
70%
1,368,035 OH Columbus
70%
253,602 GA Columbus
70%
54,933 IN Columbus
70%
264,465 CO Fort Collins
70%
899,703 LA New Orleans
70%
133,109 GA Warner Robins
70%
741,318 NM Albuquerque
68%
67,818 IA Dubuque
68%
79,930 PA Altoona
66%
182,169 FL Deltona
66%
81,926 IL Kankakee
66%
124,064 WI Kenosha
66%
314,071 FL Kissimmee
66%
1,376,476 WI Milwaukee
66%
725,008 NE Omaha
66%
47,493 KS Salina
66%
240,223 FL Tallahassee
66%
78,162 TX Texarkana
66%
1,439,666 VA Virginia Beach
66%
67,227 WA Wenatchee
66%
90,733 ID Idaho Falls
63%
114,237 CA Seaside
63%
277,634 CA Antioch
62%
81,955 ND Bismarck
62%
51,024 GA Brunswick
62%
349,064 FL Daytona Beach
62%
68,781 AL Dothan
62%
191,917 FL Fort Walton Beach
62%
141,576 MD Frederick
62%
210,975 WA Kennewick
62%
431,388 AR Little Rock
62%
94,983 UT Logan
62%
237,356 TX Lubbock
62%
54,622 KS Manhattan
62%
215,304 SC Myrtle Beach
62%
103,898 OK Norman
62%
209,190 CT Norwich
62%
290,373 IL Round Lake Beach
62%
149,422 FL Sebastian
62%
71,313 WI Sheboygan
62%
61,900 TX Sherman
62%
99,904 CA Turlock
62%
89,557 SC Florence
61%
77,074 AL Florence
61%
88,053 KS Lawrence
61%
1,190,956 RI Providence
61%
114,773 MT Billings
60%
310,298 FL Bonita Springs
60%
559,409 CO Colorado Springs
60%
80,962 FL Homosassa Springs
60%
55,121 AR Hot Springs
60%
64,100 NY Saratoga Springs
60%
48,807 SC Beaufort
58%
923,311 CT Bridgeport
58%
280,051 IA Davenport
58%
143,592 IN Elkhart
58%
208,948 MS Gulfport
58%
106,571 TN Kingsport
58%
169,541 FL North Port
58%
298,317 LA Shreveport
58%
56,142 PA Williamsport
58%
523,994 CA Bakersfield
57%
133,683 CA Fairfield
57%
75,689 OH Mansfield
57%
59,124 MA Pittsfield
57%
621,300 MA Springfield
57%
273,724 MO Springfield
57%
161,316 IL Springfield
57%
85,256 OH Springfield
57%
88,542 VA Blacksburg
56%
53,618 PA Bloomsburg
56%
50,887 PA Chambersburg
56%
120,378 MN Duluth
56%
54,316 PA East Stroudsburg
56%
122,947 AR Fort Smith
56%
141,238 VA Fredericksburg
56%
444,474 PA Harrisburg
56%
66,784 VA Harrisonburg
56%
80,358 MS Hattiesburg
56%
131,337 FL Leesburg
56%
116,636 VA Lynchburg
56%
82,157 MT Missoula
56%
156,909 FL Ocala
56%
67,229 WV Parkersburg
56%
50,428 MS Pascagoula
56%
340,067 FL Pensacola
56%
88,200 NH Portsmouth
56%
180,786 SC Spartanburg
56%
55,805 WA Walla Walla
56%
75,689 VA Williamsburg
56%
306,022 MI Ann Arbor
55%
615,968 CA Concord
55%
214,881 NC Concord
55%
87,941 CA Hanford
55%
924,859 CT Hartford
55%
154,081 OR Medford
55%
149,443 MA New Bedford
55%
367,260 CA Oxnard
55%
296,863 IL Rockford
55%
594,962 NY Albany
53%
95,779 GA Albany
53%
56,997 OR Albany
53%
196,611 PA Erie
53%
144,875 LA Houma
53%
72,852 OH Lima
53%
90,580 IN Muncie
53%
64,078 CA Petaluma
53%
376,047 FL Port. St Lucie
53%
423,566 NY Poughkeepsie
53%
129,534 WA Yakima
53%
135,267 AZ Yuma
53%
236,632 OR Salem
52%
61,210 ME Bangor
51%
61,022 MI Benton Harbor
51%
168,136 CT Danbury
51%
98,413 CA Gilroy
51%
65,443 NY Glens Falls
51%
65,207 MT Great Falls
51%
212,195 NC Hickory
51%
263,907 AL Montgomery
51%
98,081 MD Salisbury
51%
156,777 SD Sioux Falls
51%
48,836 ID Twin Falls
51%
194,535 CT Waterbury
51%
66,609 FL Zephyrhills
51%
52,000 CA Arroyo Grande
49%
51,331 AZ Casa Grande
49%
1,932,666 CA Riverside
49%
67,983 NY Elmira
48%
112,991 FL Lady Lake
48%
78,413 CA Madera
48%
210,111 VA Roanoke
48%
195,861 CA Santa Barbara
48%
61,054 NC Goldsboro
46%
311,810 NC Greensboro
46%
65,419 AR Jonesboro
46%
133,228 TN Murfreesboro
46%
70,543 KY Owensboro
46%
313,532 MI Lansing
45%
266,254 PA Reading
45%
117,731 CA Redding
45%
61,625 FL Sebring
45%
81,249 WV Wheeling
45%
65,277 AR Conway
44%
48,441 OH Findlay
44%
206,520 WI Green Bay
44%
452,791 FL Palm Bay
44%
150,003 KS Topeka
44%
530,290 FL Cape Coral
43%
52,900 MO Cape Girardeau
43%
177,844 IA Cedar Rapids
43%
569,935 MI Grand Rapids
43%
74,632 WI Wausau
43%
381,112 TN Chattanooga
42%
89,284 NM Santa Fe
42%
48,791 KY Paducah
39%
482,819 UT Provo
39%
260,677 GA Savannah
39%
53,661 NY Ithaca
38%
83,578 CA Manteca
38%
117,328 NY Utica
38%
664,651 PA Allentown
37%
73,467 KY Elizabethtown
37%
182,696 MD Hagerstown
37%
69,014 PA Johnstown
37%
258,719 NE Lincoln
37%
97,503 OH Middletown
37%
58,381 NY Middletown
37%
70,350 WV Morgantown
37%
59,036 TN Morristown
37%
107,682 PA Pottstown
37%
52,826 TX San Marcos
37%
51,370 PA Uniontown
37%
57,840 NY Watertown
37%
387,550 OH Youngstown
37%
60,851 GA Rome
35%
64,022 WV Beckley
34%
117,825 CO Greeley
34%
170,030 TX McKinney
34%
125,206 CA Simi Valley
34%
64,513 AK Fairbanks
33%
61,270 ND Grand Forks
33%
91,151 LA Slidell
33%
214,811 CA Thousand Oaks
33%
145,140 WA Everett
30%
163,379 CA Hemet
30%
147,922 TX Beaumont
29%
366,174 MI Flint
29%
166,485 NC High Point
29%
62,182 IN Kokomo
29%
90,897 CO Longmont
29%
68,243 NC Rocky Mount
29%
59,219 CA San Luis Obispo
29%
64,037 NJ Twin Rivers
27%
69,501 TN Bristol
24%
136,969 CA Merced
23%
104,996 SC Rock Hill
23%
49,727 NM Roswell
23%
148,220 FL Spring Hill
23%
239,938 TX Conroe
22%
93,863 IL Decatur
22%
70,436 AL Decatur
22%
113,682 HI Kailua
22%
116,533 LA Monroe
22%
51,240 MI Monroe
22%
226,400 NH Nashua
22%
153,150 TX Port Arthur
22%
209,703 MI Kalamazoo
21%
126,265 MI Saginaw
21%
113,418 IA Waterloo
21%
54,901 WI Fond du Lac
20%
71,957 AZ Flagstaff
19%
53,495 AR Pine Bluff
19%
47,609 OK Enid
18%
98,884 TX Longview
18%
63,952 WA Longview
18%
68,738 CA Lodi
17%
74,495 WI Oshkosh
17%
78,393 MI Battle Creek
15%
583,681 CA Mission Viejo
14%
166,485 CA Vallejo
14%
74,741 AL Auburn
13%
49,236 TX Eagle Pass
13%
50,520 OR Grants Pass
13%
50,503 NC New Bern
13%
84,744 AZ Prescott
13%
55,934 HI Kahului
11%
51,509 CA Lompoc
11%
110,621 MN St. Cloud
11%
87,569 CA Tracy
11%
81,176 MO St. Joseph
10%
48,990 OH Sandusky
9%
163,703 CA Santa Cruz
8%
145,361 IL Champaign
6%
109,919 MD Waldorf
5%
68,545 IL DeKalb
2%
No matching quizzes found
Score Distribution
Percent of People with Each Score
Percentile by Number Answered
Your Score History
You have not taken this quiz